Northern Renaissance art : painting, sculpture, the graphic arts from 1350 to 1575
Αποθηκεύτηκε σε:
| Κύριος συγγραφέας: | |
|---|---|
| Μορφή: | Βιβλίο |
| Γλώσσα: | English |
| Δημοσίευση: |
New York :
Harry N. Abrams,
1985
|
| Θέματα: | |
| Ετικέτες: |
Προσθήκη ετικέτας
Δεν υπάρχουν, Καταχωρήστε ετικέτα πρώτοι!
|
MARC
| LEADER | 00000nam a2200000 i 4500 | ||
|---|---|---|---|
| 001 | 1/10524 | ||
| 008 | 970604s1985 eng d | ||
| 020 | |a 0-8109-1081-0 | ||
| 035 | |l 10017884 | ||
| 040 | |a GR-MY-UA |b gre |e aacr | ||
| 041 | 0 | |a eng | |
| 082 | 0 | |a 709.024 | |
| 100 | 1 | |a Snyder, James. | |
| 245 | 1 | 0 | |a Northern Renaissance art : |b painting, sculpture, the graphic arts from 1350 to 1575 / |c James Snyder |
| 260 | |a New York : |b Harry N. Abrams, |c 1985 | ||
| 300 | |a 559 p. |b ill. | ||
| 504 | |a Includes bibliographical references and index | ||
| 650 | 0 | 0 | |a Art, Renaissance |z Europe, Northern. |
| 650 | 0 | 0 | |a Art |z Europe, Northen. |
| 852 | |a INST |b LESVOS |e 19970604 |h 709.024 SNY |p 005100011069 |q 005100011069 |t BK |y 0 | ||
| 909 | |a Λ |b 050166 | ||